|
|
|
|
| LEADER |
00000nam0a2200000 4500 |
| 001 |
109245 |
| 005 |
20231031115944.0 |
| 010 |
|
|
|a 5891183927
|
| 035 |
|
|
|a (RuTPU)RU\TPU\book\117926
|
| 090 |
|
|
|a 109245
|
| 100 |
|
|
|a 20070201d2005 k y0rusy50 ca
|
| 101 |
0 |
|
|a rus
|
| 102 |
|
|
|a RU
|
| 105 |
|
|
|a abf z 011zy
|
| 200 |
1 |
|
|a Биосфера-экосистема-биота в прошлом Земли. Экосистемы кайнозоя Северной Пацифики: эоцен-олигоцен Западной Камчатки и сопредельных районов
|f Ю. Б. Гладенков [и др.]
|g Российская академия наук, Геологический институт (ГИН РАН)
|
| 210 |
|
|
|a Москва
|c Геос
|d 2005
|
| 215 |
|
|
|a 480 с.
|c ил.
|
| 225 |
1 |
|
|a Труды ГИН (Геологического института РАН)
|v Вып. 540
|
| 300 |
|
|
|a К 100-летию со дня рождения академика В. В. Меннера.
|
| 320 |
|
|
|a Библиогр.: с. 462-474.
|
| 320 |
|
|
|a Алфавитный указатель моллюсков: с. 475-476.
|
| 330 |
|
|
|a В книге рассматриваются проблемы поздпеэоцен-олигоценовой истории Камчатки и сопредельных районов как части тихоокеанской экосистемы. Значительное место уделено детальной стратиграфии эоцена и олигоцена Западной Камчатки и ее опорным разрезам. Выделенные в этом диапазоне слои и горизонты получили комплексную палеонтологическую характеристику (моллюски, фораминиферы, флора и пр.). Позднеэоценовые и олигоценовые комплексы прослежены от Камчатки на юг (к Сахалину и Японии) и на север (до Чукотки и Аляски), и на этой основе построена новая корреляционная схема. Особое внимание уделено расшифровке геологических событий, истории геологического развития и смене палеогеографических обстановок. Книга сопровождается монографическим описанием 300 видов растений и моллюсков.
|
| 610 |
1 |
|
|a геология
|
| 610 |
1 |
|
|a Камчатка
|
| 610 |
1 |
|
|a эоцен
|
| 610 |
1 |
|
|a эоцен-алигоцен
|
| 610 |
1 |
|
|a биостратиграфия
|
| 610 |
1 |
|
|a морские моллюски
|
| 610 |
1 |
|
|a фораминиферы
|
| 610 |
1 |
|
|a фитопланктон
|
| 610 |
1 |
|
|a флора
|
| 610 |
1 |
|
|a палинология
|
| 610 |
1 |
|
|a радиометрическое датирование
|
| 610 |
1 |
|
|a биотические комплексы
|
| 610 |
1 |
|
|a вулканогенные комплексы
|
| 610 |
1 |
|
|a геологическое развитие
|
| 610 |
1 |
|
|a ископаемые растения
|
| 610 |
1 |
|
|a кайнозой
|
| 610 |
1 |
|
|a экосистемы
|
| 675 |
|
|
|a 56(571.6)
|v 3
|
| 675 |
|
|
|a 551.87
|v 3
|
| 701 |
|
1 |
|a Гладенков
|b Ю. Б.
|g Юрий Борисович
|
| 701 |
|
1 |
|a Синельникова
|b В. Н.
|g Валентина Николаевна
|
| 701 |
|
1 |
|a Челебаева
|b А. И.
|g Аэлита Ивановна
|
| 701 |
|
1 |
|a Шанцер
|b А. Е.
|g Алексей Евгеньевич
|
| 712 |
0 |
2 |
|a Российская академия наук
|b Геологический институт (ГИН РАН)
|c (Москва)
|2 stltpush
|3 (RuTPU)RU\TPU\col\165
|
| 801 |
|
1 |
|a RU
|b 63413507
|c 20070201
|g PSBO
|
| 801 |
|
2 |
|a RU
|b 63413507
|c 20151112
|g PSBO
|
| 942 |
|
|
|c BK
|